Normal view
MARC view
- Shells (Engineering)
Entry Topical Term
001 - CONTROL NUMBER
- control field: 55684
003 - CONTROL NUMBER IDENTIFIER
- control field: NUST
005 - DATE AND TIME OF LATEST TRANSACTION
- control field: 20210628201530.0
008 - FIXED-LENGTH DATA ELEMENTS
- fixed length control field: 210628|| aca||aabn | a|a d
040 ## - CATALOGING SOURCE
- Original cataloging agency: NUST
- Transcribing agency: NUST
150 ## - HEADING--TOPICAL TERM
- Topical term or geographic name entry element: Shells (Engineering)
- General subdivision: Mathematical models
670 ## - SOURCE DATA FOUND
- Source citation: Work cat.: (NUST): Reddy, J. N. (Junuthula Narasimha), 1945- 26732, Mechanics of laminated composite plates and shells :, c2004.
